[Event "Idaho Open (Open)"]
[Site "Pocatello, ID"]
[Date "2008.04.05"]
[Round "2.5"]
[White "Owen, Gary"]
[Black "Derryberry, DeWayne R"]
[Result "1-0"]
[WhiteElo "1511"]
[BlackElo "1809"]

1. e4 e6 2. d4 d5 3. Nc3 Bb4 4. e5 Ne7 5. Nf3 c5 6. a3 Bxc3+ 7. bxc3 Nbc6 8.
Be2 Qa5 9. Bd2 c4 10. O-O Bd7 11. Re1 f6 12. Bf1 O-O 13. exf6 Rxf6 14. Bg5 Rf5
15. Qd2 Ng6 16. Nh4 Nxh4 17. Bxh4 Re8 18. f4 Ref8 19. g3 Re8 20. Bh3 Rf7 21.
Re3 Nb8 22. Qe1 Qb6 23. Qb1 Qc6 24. Qb2 Na6 25. Rae1 Bc8 26. f5 Rfe7 27. Bxe7
Rxe7 28. fxe6 Nc7 29. Qb4 Re8 30. Qa5 Bxe6 31. Bxe6+ Rxe6 32. Rxe6 Nxe6 33.
Qxa7 Ng5 34. Qb8+ Kf7 35. Rf1+ Kg6 36. Qe5 Qd7 37. h4 Ne4 38. Kh2 Qg4 39. Qf4
Qe2+ 40. Kh3 Qxc2 41. Qg4+ Kh6 42. Qf4+ Kg6 43. h5+ Kxh5 44. g4+ Kg6 45. Qf5+
Kh6 46. Qh5# 1-0

[Event "Idaho Open (Open)"]
[Site "Pocatello, ID"]
[Date "2008.04.05"]
[Round "3.6"]
[White "Holland, Morry R"]
[Black "Derryberry, DeWayne R"]
[Result "0-1"]
[WhiteElo "1685"]
[BlackElo "1809"]

1. e4 e6 2. g3 d5 3. Bg2 Nf6 4. Nc3 c5 5. d3 Nc6 6. f3 Be7 7. Nh3 O-O 8. O-O
a6 9. Nf2 d4 10. Ne2 e5 11. h3 Bd6 12. f4 exf4 13. gxf4 Nh5 14. a3 Qh4 15. e5
Bc7 16. Qe1 f6 17. Ne4 Qxe1 18. Rxe1 fxe5 19. Nxc5 exf4 20. Bd5+ Kh8 21. Bf3
Ng3 22. Bxf4 Nxe2+ 23. Rxe2 Bxf4 24. Bxc6 bxc6 25. Kg2 Be3 26. c3 Ra7 27. Rae1
Raf7 28. c4 Rf3 29. b4 Bxh3+ 30. Kh1 Rf1+ 31. Kh2 Rxe1 32. Rxe1 Bc8 33. Rb1 g5
34. a4 h5 35. b5 cxb5 36. axb5 axb5 37. Rxb5 h4 38. Rb8 Bf4+ {#R} 0-1

[Event "Idaho Open (Open)"]
[Site "Pocatello, ID"]
[Date "2008.04.06"]
[Round "4.4"]
[White "Derryberry, DeWayne R"]
[Black "Roland, Jeffrey T"]
[Result "0-1"]
[WhiteElo "1809"]
[BlackElo "1772"]

1. d4 Nf6 2. c4 g6 3. Nc3 d5 4. cxd5 Nxd5 5. e4 Nb6 6. Be3 Bg7 7. h3 O-O 8.
Nf3 e6 9. Be2 Nc6 10. O-O Bd7 11. Rc1 a6 12. Qd2 Qe7 13. e5 f5 14. exf6 Qxf6
15. Ne4 Qf5 16. Bd3 Qa5 17. Qxa5 Nxa5 18. Rxc7 Bc6 19. Neg5 Bd5 20. b3 Rae8
21. Rc5 Nc6 22. Bc4 Bxc4 23. bxc4 Nd7 24. Nxe6 Rxe6 25. d5 Rxe3 26. Rxc6 Rexf3
27. gxf3 bxc6 {#R} 0-1

[Event "Idaho Open (Open)"]
[Site "Pocatello, ID"]
[Date "2008.04.06"]
[Round "5.5"]
[White "Patterson, Emily N"]
[Black "Derryberry, DeWayne R"]
[Result "1/2-1/2"]
[WhiteElo "1343"]
[BlackElo "1809"]

1. e4 e6 2. d4 d5 3. Nc3 Bb4 4. e5 c5 5. a3 Bxc3+ 6. bxc3 Ne7 7. Qg4 Qc7 8.
Qxg7 Rg8 9. Qxh7 cxd4 10. Ne2 dxc3 11. Qd3 Nbc6 12. f4 Nf5 13. Nxc3 Bd7 14. g3
Na5 15. Bh3 Rc8 16. Bd2 Ne7 17. Nb5 Bxb5 18. Qxb5+ Nec6 19. Bxa5 Qxa5+ 20.
Qxa5 Nxa5 21. Ra2 Ke7 22. Kd1 Rc5 23. Re1 Rgc8 24. Bg2 Rc3 25. Bf1 a6 26. Bd3
Nb3 27. h4 Nc5 28. Kd2 Ne4+ 29. Bxe4 dxe4 30. Re3 Rxe3 31. Kxe3 Rc3+ 32. Kf2
b5 33. h5 Kf8 34. g4 Rf3+ 35. Kg2 Rxf4 36. Kg3 Rf3+ 37. Kg2 Rf4 38. Kg3 Rf3+
{#d} 1/2-1/2

[Event "Idaho Closed"]
[Site "Twin Falls, ID"]
[Date "2015.02.14"]
[Round "1.5"]
[White "Derryberry, DeWayne"]
[Black "Wray, James"]
[Result "1-0"]
[WhiteElo "1763"]
[BlackElo "1453"]
[EventRounds "6"]
[EventCountry "USA"]

1. c4 g6 2. d4 Bg7 3. Nc3 e5 4. d5 d6 5. e4 Na6 6. Bd3 Nf6 7. Nf3 Nc5 8. O-O
a6 9. h3 Bd7 10. b4 Qc8 11. bxc5 Bxh3 12. gxh3 Qxh3 13. Nh2 h5 14. Qf3 Qh4 15.
Qg3 Qxh2+ 16. Kxh2 {#r} 1-0

[Event "Idaho Closed"]
[Site "Twin Falls, ID"]
[Date "2015.02.14"]
[Round "2.3"]
[White "Douglas, Kurt P"]
[Black "Derryberry, DeWayne"]
[Result "0-1"]
[WhiteElo "1645"]
[BlackElo "1763"]
[EventRounds "6"]
[EventCountry "USA"]

1. e4 c5 2. Nf3 d6 3. d4 cxd4 4. Nxd4 Nf6 5. Nc3 g6 6. Be3 Bg7 7. Be2 O-O 8.
Qd2 Nc6 9. O-O-O Nxd4 10. Bxd4 Be6 11. Kb1 Qa5 12. f3 Rfc8 13. g4 Rxc3 14.
Qxc3 Qxa2+ 15. Kc1 Bh6+ 16. Be3 Rc8 17. Qxc8+ Bxc8 18. Bxh6 Qa1+ 19. Kd2 Qxb2
20. Bd3 Qb4+ 21. Ke2 Qc3 22. Rb1 Nd7 23. Bd2 Qc7 24. Rb3 a6 25. Rc3 Nc5 26.
Be3 b5 27. Ra3 b4 28. Ra2 Be6 29. Raa1 Nxd3 30. cxd3 b3 31. Rxa6 Qc2+ 32. Bd2
b2 33. Ra8+ Kg7 34. Rb8 Ba2 {#R} 0-1

[Event "Idaho Closed"]
[Site "Twin Falls, ID"]
[Date "2015.02.15"]
[Round "4.4"]
[White "Derryberry, DeWayne"]
[Black "Eacker, Barry D"]
[Result "1/2-1/2"]
[WhiteElo "1763"]
[BlackElo "1634"]
[EventRounds "6"]
[EventCountry "USA"]

1. c4 Nf6 2. Nf3 g6 3. g3 Bg7 4. Bg2 d6 5. d4 O-O 6. O-O Nbd7 7. Nc3 e5 8. e4
exd4 9. Nxd4 Nb6 10. Qd3 a5 11. h3 Nfd7 12. f4 Nc5 13. Qd1 f5 14. exf5 Bxd4+
15. Qxd4 Bxf5 16. Rd1 Be6 17. Nd5 c6 18. Nxb6 Qxb6 19. b3 Rad8 20. Bb2 Nd7 21.
Qxb6 Nxb6 {#d} 1/2-1/2

[Event "Idaho Closed"]
[Site "Twin Falls, ID"]
[Date "2015.02.16"]
[Round "5.4"]
[White "Inman, James"]
[Black "Derryberry, DeWayne"]
[Result "1-0"]
[WhiteElo "1650"]
[BlackElo "1763"]
[EventRounds "6"]
[EventCountry "USA"]

1. d4 Nf6 2. c4 g6 3. Nc3 d6 4. e4 Bg7 5. h3 O-O 6. Bg5 h6 7. Be3 Nbd7 8. Nf3
e5 9. d5 a5 10. Bd3 b6 11. Qd2 Kh7 12. g4 Nc5 13. Bc2 Bxg4 14. hxg4 Nxg4 15.
Bg5 Qd7 16. O-O-O Rh8 17. Rdg1 h5 18. Kb1 f6 19. Be3 Nxe3 20. Qxe3 Bh6 21. Qe2
Rag8 22. Nh4 Rg7 23. Qf3 Qf7 24. Qg2 Bg5 25. Rh3 Bxh4 26. Rxh4 g5 27. Rh3 Kg8
28. Bd1 Nd7 29. Rgh1 h4 30. Bg4 Nf8 31. Nb5 Rh6 32. Na7 Kh8 33. Nc6 Qe8 34.
Qf3 Kg8 35. Qf5 Kh8 36. Bd1 Qd7 37. Bg4 Qxf5 38. Bxf5 Ng6 39. Bxg6 Rhxg6 40.
Nd8 Rd7 41. Ne6 Rf7 42. Kc2 Kg8 43. Kb3 Re7 44. Ka4 Kf7 45. Kb5 {#r} 1-0

[Event "Idaho Closed"]
[Site "Twin Falls, ID"]
[Date "2015.02.16"]
[Round "6.5"]
[White "Derryberry, DeWayne"]
[Black "Buus, Jarod N"]
[Result "1/2-1/2"]
[WhiteElo "1763"]
[BlackElo "1656"]
[EventRounds "6"]
[EventCountry "USA"]

1. d4 d5 2. c4 c6 3. e3 e6 4. Nc3 Nf6 5. Qc2 Nbd7 6. cxd5 exd5 7. g3 Bd6 8.
Bg2 O-O 9. Nge2 Re8 10. O-O Nf8 11. Bd2 Ng6 12. a3 Be6 13. b4 Qd7 14. Rfc1 Bh3
15. Qd1 Bxg2 16. Kxg2 h5 17. Nf4 Nxf4+ 18. gxf4 Qe6 19. Qf3 Ne4 20. Nxe4 Qxe4
21. Qxe4 Rxe4 22. a4 a6 23. Rab1 Re7 24. Kf1 f5 25. b5 axb5 26. axb5 Rc7 27.
bxc6 bxc6 28. Bb4 Bxb4 29. Rxb4 Rac8 30. Rc5 Kf7 31. Kg2 Rd8 32. Rb6 Rd6 {#d}
1/2-1/2

[Event "ICA Spring Open"]
[Site "Pocatello, ID"]
[Date "2015.04.18"]
[Round "1.1"]
[White "Derryberry, DeWayne R"]
[Black "Handoko, Richard Timothy"]
[Result "0-1"]
[WhiteElo "1750"]
[BlackElo "1446"]
[EventRounds "4"]
[EventCountry "USA"]

1. Nf3 d5 2. g3 Nf6 3. Bg2 Bf5 4. d4 e6 5. O-O h6 6. c4 dxc4 7. Qa4+ c6 8.
Qxc4 Bd6 9. a4 a5 10. Nc3 Qc7 11. Nh4 Bh7 12. e4 e5 13. dxe5 Bxe5 14. Nf5 Bxf5
15. exf5 O-O 16. Qh4 Rd8 17. Be3 Na6 18. f4 Bd4 19. Bxd4 Rxd4 20. Rae1 Rd2 21.
Ne4 Qb6+ 22. Kh1 Nxe4 23. Rxe4 Qxb2 24. Rg1 Rxg2 25. Rxg2 Qb1+ {#R} 0-1

[Event "ICA Spring Open"]
[Site "Pocatello, ID"]
[Date "2015.04.18"]
[Round "2.4"]
[White "Nathan, Jacob Ari"]
[Black "Derryberry, DeWayne R"]
[Result "1-0"]
[WhiteElo "1396"]
[BlackElo "1750"]
[EventRounds "4"]
[EventCountry "USA"]

1. e4 Nf6 2. Nc3 d6 3. Bc4 c5 4. d3 g6 5. Bg5 Bg7 6. Nf3 O-O 7. O-O Bg4 8. h3
Bxf3 9. Qxf3 Nc6 10. Qe3 Nd4 11. Rac1 a6 12. a3 b5 13. Ba2 Qa5 14. Ne2 h6 15.
Nxd4 cxd4 16. Qd2 Qxd2 17. Bxd2 Rac8 18. f4 e6 19. f5 gxf5 20. exf5 e5 21. g4
d5 22. g5 hxg5 23. Bxg5 Rcd8 24. Rce1 Rfe8 25. Rf2 e4 26. Rg2 Kh7 27. dxe4
dxe4 28. Bxf7 Re7 29. Bg6+ Kh8 30. h4 Rc7 31. h5 Rdc8 32. h6 Rxc2 33. hxg7+
Kxg7 34. Bxf6+ Kxf6 35. Rxc2 Rxc2 36. Rxe4 d3 37. Re6+ Kg5 38. Rd6 d2 39. Kf1
Rxb2 40. Ke2 {#r} 1-0

[Event "ICA Spring Open"]
[Site "Pocatello, ID"]
[Date "2015.04.18"]
[Round "3.5"]
[White "Derryberry, DeWayne R"]
[Black "Nathan, Oliver Eli"]
[Result "1-0"]
[WhiteElo "1750"]
[BlackElo "407"]
[EventRounds "4"]
[EventCountry "USA"]

1. Nf3 Nc6 2. g3 Nf6 3. d4 d5 4. Bg2 Bg4 5. O-O Bxf3 6. Bxf3 e6 7. Bg5 Be7 8.
c3 O-O 9. Nd2 Na5 10. b4 Nc4 11. Nxc4 dxc4 12. Bxb7 Rb8 13. Bg2 Nd5 14. Bxe7
Nxe7 15. e4 a6 16. Qe2 Ra8 17. Qxc4 a5 18. a3 axb4 19. axb4 Rxa1 20. Rxa1 Qd7
21. e5 Nf5 22. Be4 Ne7 23. Ra7 Rc8 24. b5 {#r} 1-0

[Event "ICA Spring Open"]
[Site "Pocatello, ID"]
[Date "2015.04.18"]
[Round "4.3"]
[White "Derryberry, DeWayne R"]
[Black "Owen, Gary"]
[Result "1-0"]
[WhiteElo "1750"]
[BlackElo "1590"]
[EventRounds "4"]
[EventCountry "USA"]

1. Nf3 Nf6 2. d4 g6 3. g3 Bg7 4. Bg2 O-O 5. O-O d6 6. c4 Nc6 7. Nc3 e5 8. d5
Ne7 9. e4 Bd7 10. h3 h6 11. Be3 Nh5 12. Qd2 g5 13. g4 Nf4 14. Bxf4 exf4 15.
Rfe1 Ng6 16. Nd4 Nh4 17. Nf5 Bxf5 18. exf5 Qd7 19. f3 Nxg2 20. Kxg2 Rae8 21.
Ne4 Re5 22. Rh1 Rfe8 23. Rae1 f6 24. Re2 h5 25. Rhe1 b6 26. Nc3 h4 27. Nb5 a6
28. Nd4 Rxe2+ 29. Rxe2 Re5 30. Ne6 Rxe2+ 31. Qxe2 Qe7 32. Kf2 Bf8 33. Nd4 Kf7
34. Qe6+ Ke8 35. Qc8+ Kf7 36. Ne6 a5 37. Qxc7 Qxc7 38. Nxc7 Be7 39. Ne6 Ke8
40. Ke2 Kd7 41. Kd3 Kc8 42. Kc3 Bd8 43. Kb3 Bc7 44. Ka4 Bb8 45. Kb5 Kb7 46.
Nf8 Bc7 47. Ne6 Bb8 48. a3 Bc7 49. Nxc7 Kxc7 50. Ka6 a4 51. Ka7 {#r} 1-0

[Event "SIO (Open)"]
[Site "Twin Falls, ID"]
[Date "2015.11.14"]
[Round "1.6"]
[White "Zaklan, David"]
[Black "Derryberry, De Wayne R"]
[Result "1/2-1/2"]
[WhiteElo "1475"]
[BlackElo "1706"]
[EventRounds "4"]
[EventCountry "USA"]

1. d4 e6 2. c4 f5 3. Nf3 Nf6 4. Nbd2 c6 5. e3 d5 6. b3 Bd6 7. c5 Bc7 8. Bb2
O-O 9. Bd3 Ne4 10. O-O Nd7 11. Re1 Qe7 12. Nf1 Ndf6 13. b4 Bd7 14. Qc2 Kh8 15.
a4 Rg8 16. Reb1 Ng4 17. Bxe4 fxe4 18. Ne5 Bxe5 19. dxe5 Raf8 20. Rd1 Rxf2 21.
Rd2 Rxf1+ 22. Rxf1 Nxe3 23. Qc1 Nxf1 24. Qxf1 Rf8 25. Rf2 Kg8 26. Bd4 Rxf2 27.
Qxf2 Qf7 28. Qxf7+ Kxf7 29. Kf2 Kg6 30. g4 h5 31. h3 Be8 32. Kg3 Kh7 33. g5 g6
34. h4 Kg7 35. a5 Kf7 36. Kf4 Ke7 37. Ke3 Kd7 38. Kd2 Kc7 39. Kc3 Bd7 40. Kb3
Bc8 41. Ka4 Kd7 {#d} 1/2-1/2

[Event "SIO (Open)"]
[Site "Twin Falls, ID"]
[Date "2015.11.14"]
[Round "2.4"]
[White "Derryberry, De Wayne R"]
[Black "Nyblade, Wesley"]
[Result "1-0"]
[WhiteElo "1706"]
[BlackElo "1516"]
[EventRounds "4"]
[EventCountry "USA"]

1. d4 a6 2. e4 d6 3. Nf3 g6 4. Bd3 Bg7 5. c3 Bg4 6. O-O e5 7. Be3 Ne7 8. Qa4+
Nd7 9. Nbd2 O-O 10. h3 Bxf3 11. Nxf3 Qc8 12. Qc2 Nf6 13. dxe5 dxe5 14. Nxe5
Nfd5 15. Nxg6 hxg6 16. exd5 Nxd5 17. Bg5 c6 18. Rae1 Qc7 19. Qc1 Rae8 20. Bc4
Nf6 21. Qc2 Kh7 22. f4 Rxe1 23. Rxe1 Nh5 24. Re7 Qb6+ 25. Qf2 Qxf2+ 26. Kxf2
f6 27. Bh4 b5 28. Be2 Nxf4 29. Bg3 Nd5 30. Ra7 b4 31. cxb4 Nxb4 32. a3 Nc2 33.
Rxa6 Nd4 34. Bf3 c5 35. a4 Kh6 {The rest of the game was not recorded--Jeffrey
Roland.} {#r} 1-0

[Event "SIO (Open)"]
[Site "Twin Falls, ID"]
[Date "2015.11.14"]
[Round "3.2"]
[White "Eacker, Barry D"]
[Black "Derryberry, De Wayne R"]
[Result "0-1"]
[WhiteElo "1653"]
[BlackElo "1706"]
[EventRounds "4"]
[EventCountry "USA"]

1. d4 e6 2. Bf4 f5 3. e3 Nf6 4. Nd2 d5 5. Ngf3 Be7 6. Be2 O-O 7. Ne5 Nbd7 8.
g4 Ne4 9. Rg1 Bg5 10. Bxg5 Qxg5 11. Ndf3 Qe7 12. c3 c5 13. g5 f4 14. Qc1 fxe3
15. Qxe3 Nxe5 16. dxe5 Bd7 17. O-O-O b5 18. Bd3 Bc6 19. Bxe4 dxe4 20. Nd2 Rf5
21. Qg3 b4 22. h4 Qb7 23. c4 Qc7 24. Nb3 Rf3 25. Qg4 Qxe5 26. Na5 Rxf2 27. Rd2
Rxd2 28. Kxd2 e3+ {#R} 0-1

[Event "Idaho Closed"]
[Site "Twin Falls, ID"]
[Date "2016.02.13"]
[Round "1.11"]
[White "Derryberry, DeWayne R"]
[Black "Simonson, Jay L"]
[Result "1-0"]
[WhiteElo "1719"]
[BlackElo "800"]
[EventRounds "6"]
[EventCountry "USA"]

1. d4 d5 2. e3 Nc6 3. f4 Bf5 4. c3 Nf6 5. Nf3 e6 6. Be2 Bd6 7. O-O O-O 8. Ne5
Na5 9. Nd2 Ne4 10. Nxe4 Bxe4 11. Bd2 Nc4 12. Nxc4 dxc4 13. Bxc4 b6 14. Be1 Qf6
15. Bd3 Qg6 16. Bxe4 Qxe4 17. Qd2 f5 18. Bh4 c5 19. Rae1 Rac8 20. Qf2 Qd5 21.
a3 Rc6 22. Qf3 Qxf3 23. Rxf3 Re8 24. Bf2 a5 25. e4 fxe4 26. Rxe4 cxd4 27. Bxd4
a4 28. g3 Rc4 29. Rfe3 Bc5 30. Bxc5 Rxe4 31. Rxe4 bxc5 32. Kf2 Kf7 33. Rxa4
Rd8 34. Ra7+ Kf6 35. Ke2 Rd5 36. a4 c4 37. Rb7 Ra5 38. Rb4 Rc5 39. Rb5 Rxb5
40. axb5 Ke7 41. Ke3 Kd6 42. Kd4 h6 43. Kxc4 g5 44. Kd4 Kd7 45. Ke5 gxf4 46.
gxf4 h5 47. h4 Ke7 48. c4 {#r} 1-0

[Event "Idaho Closed"]
[Site "Twin Falls, ID"]
[Date "2016.02.13"]
[Round "2.2"]
[White "Landon, Lloyd"]
[Black "Derryberry, DeWayne R"]
[Result "1/2-1/2"]
[WhiteElo "1842"]
[BlackElo "1719"]
[EventRounds "6"]
[EventCountry "USA"]

1. c4 f5 2. d4 Nf6 3. Nc3 e6 4. Nf3 b6 5. e3 Bb7 6. Be2 Bb4 7. Bd2 O-O 8. O-O
d6 9. Nb5 Bxd2 10. Nxd2 Nbd7 11. Rc1 Ne4 12. Nc3 Nxd2 13. Qxd2 Qg5 14. f3 a6
15. Bd1 Rf6 16. f4 Qh4 17. Bf3 Bxf3 18. Rxf3 Rf7 19. Rh3 Qe7 20. Qe2 Nf6 21.
Rf3 Re8 22. Qd3 g6 23. e4 Nxe4 24. Nxe4 fxe4 25. Qxe4 e5 26. fxe5 Rxf3 27.
Qxf3 {#d} 1/2-1/2

[Event "Idaho Closed"]
[Site "Twin Falls, ID"]
[Date "2016.02.14"]
[Round "3.5"]
[White "Derryberry, DeWayne R"]
[Black "Carr, John"]
[Result "0-1"]
[WhiteElo "1719"]
[BlackElo "1740"]
[EventRounds "6"]
[EventCountry "USA"]

1. Nf3 d5 2. b3 Nf6 3. Bb2 e6 4. e3 Be7 5. Be2 O-O 6. O-O Nbd7 7. d3 b6 8.
Nbd2 Bb7 9. Ne5 Nxe5 10. Bxe5 Nd7 11. f4 c5 12. Bf3 Bf6 13. Bxf6 Nxf6 14. Qe2
Qc7 15. e4 Qxf4 16. e5 Qd4+ 17. Kh1 Nd7 18. Rae1 Rab8 19. Bg4 Nxe5 20. Bxe6
fxe6 21. Rxf8+ Rxf8 22. Qxe5 Qxe5 23. Rxe5 Rf2 {#R} 0-1

[Event "Idaho Closed"]
[Site "Twin Falls, ID"]
[Date "2016.02.14"]
[Round "4.9"]
[White "Nyblade, Wesley"]
[Black "Derryberry, DeWayne R"]
[Result "0-1"]
[WhiteElo "1474"]
[BlackElo "1719"]
[EventRounds "6"]
[EventCountry "USA"]

1. Nf3 e6 2. g3 f5 3. d3 Nf6 4. Nc3 d5 5. d4 c6 6. a3 Bd6 7. Bg5 O-O 8. Qd2
Nbd7 9. Bf4 Qe7 10. Bxd6 Qxd6 11. Qf4 Qxf4 12. gxf4 Ne4 13. e3 Ndf6 14. Nxe4
fxe4 15. Ne5 Nd7 16. Bh3 Kh8 17. Ke2 Nxe5 18. fxe5 Bd7 19. Rag1 b6 20. Rc1
Rae8 21. Bg4 Re7 22. h4 c5 23. c3 Bb5+ 24. Ke1 Bd3 25. Rh2 Kg8 26. Kd2 c4 27.
Rg1 b5 28. Rhg2 Kf7 29. f4 exf3 30. Bxf3 Ke8 31. Be2 Bxe2 32. Kxe2 g6 33. Rf2
Ref7 34. Rxf7 Rxf7 35. Rf1 Rxf1 36. Kxf1 h6 37. Kf2 Kf7 38. Kf3 g5 39. h5 Ke7
40. e4 dxe4+ 41. Kxe4 a6 42. d5 exd5+ 43. Kf5 Kf7 44. e6+ Ke7 45. Ke5 g4 46.
Kf4 g3 47. Kxg3 Kxe6 48. Kf4 Kf6 49. Kg4 Ke5 50. Kf3 Kf5 51. Ke3 Kg4 52. Kd4
Kxh5 53. Kxd5 Kg4 54. Kc5 h5 55. Kb6 h4 56. Kxa6 h3 57. Kxb5 h2 58. Kxc4 h1=Q
59. a4 {#R} 0-1

[Event "Idaho Closed"]
[Site "Twin Falls, ID"]
[Date "2016.02.15"]
[Round "5.7"]
[White "Derryberry, DeWayne R"]
[Black "Douglas, Kurt P"]
[Result "1/2-1/2"]
[WhiteElo "1719"]
[BlackElo "1646"]
[EventRounds "6"]
[EventCountry "USA"]

1. Nf3 d5 2. b3 Nf6 3. Bb2 e6 4. e3 Be7 5. c4 c6 6. Be2 O-O 7. O-O Nbd7 8. d4
b6 9. cxd5 cxd5 10. Ba3 Bb7 11. Bxe7 Qxe7 12. Nbd2 Rac8 13. Qb1 h6 14. Qb2 Rc7
15. Rfc1 Rfc8 16. a3 Qd6 17. b4 Ne4 18. Nb3 Rxc1+ 19. Rxc1 Qb8 20. Bd3 Nd6 21.
Nbd2 Rc7 22. Ne5 Qc8 23. Rxc7 Qxc7 24. Nxd7 Qxd7 25. Qc2 Qc8 26. Qxc8+ Bxc8
27. Kf1 Bd7 {#d} 1/2-1/2

[Event "Idaho Closed"]
[Site "Twin Falls, ID"]
[Date "2016.02.15"]
[Round "6.7"]
[White "Naccarato, Savanna"]
[Black "Derryberry, DeWayne R"]
[Result "1-0"]
[WhiteElo "1699"]
[BlackElo "1719"]
[EventRounds "6"]
[EventCountry "USA"]

1. d4 e6 2. e4 d5 3. e5 c5 4. c3 Nc6 5. Bb5 cxd4 6. cxd4 Qa5+ 7. Nc3 Bb4 8.
Bxc6+ bxc6 9. Bd2 Qc7 10. Nge2 f6 11. f4 c5 12. Nb5 Bxd2+ 13. Qxd2 Qb6 14.
Nd6+ Ke7 15. dxc5 Qc7 16. Rc1 Nh6 17. g4 Nf7 18. Nd4 Ba6 19. b4 Bc4 20. exf6+
gxf6 21. Nxc4 dxc4 22. Rxc4 Rhd8 23. Qe3 Qd7 24. b5 Qd5 25. Nc6+ Kf8 26. Qe4
Qd2+ 27. Kf1 Rd3 28. Qe2 Qd1+ 29. Qxd1 Rxd1+ 30. Kg2 Rd2+ 31. Kg3 Rxa2 32. Rb1
Nd8 33. Nb4 Rd2 34. c6 Rc8 35. Ra1 {#r} 1-0

[Event "ICA Spring Open (Open)"]
[Site "Pocatello, ID"]
[Date "2016.04.23"]
[Round "1.1"]
[White "Morrow, Hans M"]
[Black "Derryberry, DeWayne R"]
[Result "1/2-1/2"]
[WhiteElo "1900"]
[BlackElo "1698"]
[EventRounds "4"]
[EventCountry "USA"]

1. d4 Nf6 2. c4 e6 3. Nc3 d5 4. Nf3 Nbd7 5. Qc2 c6 6. Bf4 Qa5 7. Bd2 Qc7 8. h3
dxc4 9. e4 e5 10. d5 b5 11. Bg5 Bb7 12. Rd1 b4 13. dxc6 Bxc6 14. Nd5 Bxd5 15.
exd5 Bc5 16. Bxc4 O-O 17. Bxf6 Nxf6 18. O-O Rac8 19. b3 e4 20. Nd4 Qf4 21. Ne2
Qg5 22. Kh1 Rfd8 23. d6 Kf8 24. Ng3 Bxd6 25. Nxe4 Nxe4 26. Qxe4 Qe5 27. Qxe5
Bxe5 28. g3 Rxd1 29. Rxd1 Rc7 30. Kg2 g5 31. Rd5 f6 32. Kf3 Ke7 33. Kg4 Rd7
34. Rxd7+ Kxd7 35. Bd3 Bd4 36. f3 Be5 37. Bxh7 Kd6 38. f4 gxf4 39. gxf4 Bc3
40. h4 Ke7 41. h5 Kf7 42. h6 Bd2 43. Kf5 Bc1 44. Bg6+ Kg8 45. Kxf6 Bxf4 46.
h7+ Kh8 47. Ke6 Bd2 48. Kd5 Bc3 49. Kc4 Kg7 50. Kb5 Kxg6 51. h8=Q Bxh8 52.
Kxb4 Bd4 {#d} 1/2-1/2

[Event "ICA Spring Open (Open)"]
[Site "Pocatello, ID"]
[Date "2016.04.23"]
[Round "2.5"]
[White "Derryberry, DeWayne R"]
[Black "Landon, Lloyd"]
[Result "0-1"]
[WhiteElo "1698"]
[BlackElo "1842"]
[EventRounds "4"]
[EventCountry "USA"]

1. f4 d5 2. g3 Nf6 3. Nf3 g6 4. Bg2 Bg7 5. O-O O-O 6. d3 Re8 7. c3 c6 8. d4
Ne4 9. Be3 Qb6 10. Qb3 Qa6 11. Re1 Nd7 12. Nbd2 Ndf6 13. Nxe4 Nxe4 14. Nd2 Nd6
15. Bf2 Bf5 16. e4 dxe4 17. Nxe4 Nxe4 18. Bxe4 Bxe4 19. Rxe4 Rac8 20. Rae1 e6
21. g4 Red8 22. f5 gxf5 23. gxf5 exf5 24. Re7 Rf8 25. Rxb7 Bf6 26. Bg3 Qd3 27.
Bf2 f4 28. Qd1 Qh3 {#R} 0-1

[Event "ICA Spring Open (Open)"]
[Site "Pocatello, ID"]
[Date "2016.04.23"]
[Round "3.6"]
[White "Xu, Kevin"]
[Black "Derryberry, DeWayne R"]
[Result "1/2-1/2"]
[WhiteElo "1372"]
[BlackElo "1698"]
[EventRounds "4"]
[EventCountry "USA"]

1. d4 Nf6 2. c4 e6 3. Nf3 Bb4+ 4. Bd2 Qe7 5. a3 Bxd2+ 6. Qxd2 b6 7. Nc3 Bb7 8.
Qc2 d6 9. e4 O-O 10. Bd3 e5 11. dxe5 dxe5 12. Nd5 Bxd5 13. cxd5 Rc8 14. Qc3
Nxd5 15. Qxe5 Qxe5 16. Nxe5 Re8 17. Nc4 Nf4 18. Bf1 Nd7 19. g3 Ng6 20. Bg2
Rad8 21. O-O Nde5 22. Nxe5 Nxe5 23. f4 Nc4 24. b4 Ne3 25. Rfc1 Nxg2 26. Kxg2
Rd2+ 27. Kg1 Rxe4 28. Rxc7 g6 29. Rxa7 Ree2 30. Rb7 Rg2+ 31. Kf1 Rxh2 32. Kg1
Rdg2+ 33. Kf1 Rxg3 34. Re1 Rh1+ 35. Kf2 Rxe1 36. Kxg3 Re3+ 37. Kg4 Rxa3 38.
Kg5 Kg7 39. Rxb6 h6+ 40. Kg4 Rb3 41. b5 Rb4 42. Kg3 Rb3+ 43. Kg4 Rb4 44. Kg3
Rb3+ 45. Kg4 {#d} 1/2-1/2

[Event "ICA Spring Open (Open)"]
[Site "Pocatello, ID"]
[Date "2016.04.23"]
[Round "4.6"]
[White "Derryberry, DeWayne R"]
[Black "Zaklan, David"]
[Result "1/2-1/2"]
[WhiteElo "1698"]
[BlackElo "1473"]
[EventRounds "4"]
[EventCountry "USA"]

1. f4 e6 2. Nf3 Nf6 3. e3 Be7 4. d4 b6 5. Bd3 Bb7 6. O-O O-O 7. b3 Nc6 8. a3
d6 9. c4 a6 10. Nc3 Nb8 11. Qc2 Nbd7 12. e4 Rc8 13. e5 Bxf3 14. Rxf3 dxe5 15.
dxe5 Bc5+ 16. Be3 Bxe3+ 17. Rxe3 Ng4 18. Bxh7+ Kh8 19. Rh3 Nh6 20. Rd1 Qe7 21.
Be4 Rfd8 22. b4 a5 23. Qa4 axb4 24. axb4 c5 25. Nb5 cxb4 26. Nd6 Rc7 27. Bb1
Nc5 28. Qc2 g6 29. Rxh6+ Kg7 30. Rh3 b3 31. Qf2 Ra8 32. Qg3 Ra1 33. f5 Ne4 34.
Qxb3 exf5 35. Qb2 Ra8 36. Nxf5+ gxf5 37. e6+ Qf6 38. Qxf6+ {#d} 1/2-1/2

[Event "Idaho Open"]
[Site "Boise, ID"]
[Date "2016.06.18"]
[Round "1.10"]
[White "Siek, Justin"]
[Black "Derryberry, DeWayne R"]
[Result "0-1"]
[WhiteElo "1193"]
[BlackElo "1665"]
[EventRounds "5"]
[EventCountry "USA"]

1. e4 e6 2. d4 d5 3. Nc3 Bb4 4. e5 Ne7 5. Nf3 c5 6. a3 Bxc3+ 7. bxc3 Nbc6 8.
Be3 c4 9. Be2 Qa5 10. Bd2 Bd7 11. O-O O-O-O 12. Ng5 Rdf8 13. f4 f5 14. exf6
gxf6 15. Nf3 Rhg8 16. Qc1 Nf5 17. Rb1 h5 18. Qb2 Nd8 19. Kf2 Qc7 20. Qb4 Nd6
21. g3 Ne4+ 22. Ke1 Bc6 23. a4 Nf7 24. f5 Nxd2 25. Kxd2 e5 26. dxe5 fxe5 27.
Nh4 Nd6 28. Bxh5 Ne4+ 29. Ke3 Rd8 30. Ng6 d4+ 31. Ke2 Nxc3+ 32. Kf2 Rxg6 33.
Bxg6 Nxb1 34. Rxb1 Be4 35. Qb2 Qc6 36. h4 Rf8 37. Qb4 Rd8 38. Bf7 Bxf5 39.
Bxc4 Bg4 40. Bd3 Qf3+ 41. Ke1 Qxg3+ 42. Kd2 Qe3# 0-1

[Event "Idaho Open"]
[Site "Boise, ID"]
[Date "2016.06.18"]
[Round "2.2"]
[White "Derryberry, DeWayne R"]
[Black "Gorman, Cody"]
[Result "0-1"]
[WhiteElo "1665"]
[BlackElo "1873"]
[EventRounds "5"]
[EventCountry "USA"]

1. d4 e6 2. e3 f5 3. c4 Nf6 4. Nf3 b6 5. Bd3 Bb4+ 6. Bd2 Be7 7. Bc3 Bb7 8. O-O
O-O 9. Nbd2 Ne4 10. Qe2 Qe8 11. Ne1 Bd6 12. f4 Nxc3 13. bxc3 c5 14. Nef3 Qh5
15. Ne5 Qxe2 16. Bxe2 Be7 17. Bf3 Bxf3 18. Nexf3 Nc6 19. Ne5 Nxe5 20. fxe5 Bg5
21. Rae1 Rac8 22. Nf3 Bh6 23. d5 g5 24. e4 g4 25. exf5 gxf3 26. fxe6 dxe6 27.
Rxf3 Rxf3 28. gxf3 Bd2 29. Re2 Bxc3 30. d6 Kf7 31. f4 Rg8+ 32. Rg2 Rxg2+ 33.
Kxg2 Be1 34. Kf3 Bh4 35. Ke4 Kg6 36. Kf3 Kf5 37. h3 h6 38. a4 a6 39. Ke3 Bg3
{#R} 0-1